| 000 | 00770nas a2200253 4500 | ||
|---|---|---|---|
| 001 | BR0100520 | ||
| 003 | BR-BrBNA | ||
| 005 | 20231205102026.0 | ||
| 007 | ta | ||
| 008 | 230509b bl.|||p| |||| 00| 00por d | ||
| 040 |
_aBR-BrBNA _bpor _cBiblioteca Nacional de Agricultura |
||
| 041 | _a(Pt) | ||
| 072 | _aP34 | ||
| 100 | 1 | _aSilva, J.H. | |
| 100 | 1 | _aMonteiro, R.T.R. | |
| 245 | 1 | _aDegradacao de xenobioticos por fungos filamentosos isolados de areia fenolica | |
| 650 | _aAreia | ||
| 650 | _aFungo | ||
| 650 | _aMicrobiologia do Solo | ||
| 650 | _aDeterioracao | ||
| 773 | 0 |
_tRevista Brasileira de Ciencia do Solo (Brazil) _xISSN 0100-0683 _g(Jul-Sep 2000), v. 24(3) p. 669-674 _wBR0100520 |
|
| 909 |
_a202311 _bLúcia _c55 _dLúcia Elande |
||
| 942 |
_2AGRIS _n0 _cANA |
||
| 999 |
_c165322 _d165322 |
||